প্রবেশিকা বীজগণিত নির্বাচনী পাঠ্য নবম দশম শ্রেণীর জন্য / (Record no. 6027)
[ view plain ]
| 000 -LEADER | |
|---|---|
| fixed length control field | 00785nam a2200217 a 4500 |
| 001 - CONTROL NUMBER | |
| JCCL Control Number | 6027 |
| 003 - CONTROL NUMBER IDENTIFIER | |
| JCCL marc code | BD-JhCC |
| 005 - DATE AND TIME OF LATEST TRANSACTION | |
| control field | 20180102100354.0 |
| 008 - FIXED-LENGTH DATA ELEMENTS--GENERAL INFORMATION | |
| fixed length control field | 180101s19641966bg |||| || | 000 0 eng d |
| 035 ## - SYSTEM CONTROL NUMBER | |
| system control number | (BD-JhCC)6027 |
| 040 ## - CATALOGING SOURCE | |
| Original cataloging agency | BD-JhCC |
| Modifying agency | BD-JhCC |
| 041 ## - LANGUAGE CODE | |
| Language code of Book | eng |
| 082 ## - DEWEY DECIMAL CLASSIFICATION NUMBER | |
| Classification number | 512 |
| Author mark and Year | PAK 1966 |
| 245 ## - TITLE STATEMENT | |
| Title | প্রবেশিকা বীজগণিত নির্বাচনী পাঠ্য নবম দশম শ্রেণীর জন্য / |
| Statement of responsibility, etc | জাফর আলী খান |
| 260 ## - PUBLICATION, DISTRIBUTION, ETC. (IMPRINT) | |
| Place of publication, distribution, etc | ঢাকা : |
| Name of publisher, distributor, etc | ঈষ্ট পাকিস্তান স্কুল টেকস্ট বুক বোর্ড, |
| Date of publication, distribution, etc | 1966. |
| 300 ## - PHYSICAL DESCRIPTION | |
| Pagination | 334 p. : |
| Dimensions | 20 cm. |
| 650 ## - SUBJECT ADDED ENTRY--TOPICAL TERM | |
| Topical term or geographic name as entry element | Algebra |
| 700 ## - ADDED ENTRY--PERSONAL NAME | |
| Personal name | খান, জাফর আলী |
| 942 ## - ADDED ENTRY ELEMENTS (KOHA) | |
| Source of classification or shelving scheme | Dewey Decimal Classification |
| Koha item type | Books |
| Source of classification or shelving scheme | Damaged status | Not for loan | Home library | Current library | Shelving location | Date of accession | Cost, normal purchase price | Total Checkouts | Full call number | Barcode | Date last seen | Copy number | Koha item type |
|---|---|---|---|---|---|---|---|---|---|---|---|---|---|
| Dewey Decimal Classification | JCC Rouf Library | JCC Rouf Library | General Stacks | 01/01/2018 | 3.44 | 512 PAK 1966 | 7706 | 01/01/2018 | C - 1 | Books |